Verejná správa 1

Gespeichert in:
Bibliographische Detailangaben
1. Verfasser: Žárska, Elena, 1955-
Körperschaft: Ekonomická univerzita v Bratislave. Národohospodárska fakulta
Weitere Verfasser: Černěnko, Tomáš, 1981-, Kozovský, Dušan, Belajová, Anna, Búšik, Jozef
Format: Buch
Sprache:Slowakisch
Veröffentlicht: Bratislava Vydavateľstvo EKONÓM 2010
Schlagworte:
Tags: Tag hinzufügen
Keine Tags, Fügen Sie das erste Tag hinzu!

MARC

LEADER 00000nam a2200000 4500
001 0124046
005 20240502072411.6
020 |a 978-80-225-3113-9 
041 0 |a slo 
044 |a SK 
245 1 0 |a Verejná správa 1  |c Elena Žárska, Tomáš Černěnko, Dušan Kozovský 
264 1 |a Bratislava  |b Vydavateľstvo EKONÓM  |c 2010 
300 |a 176 s. [10,398 AH] 
610 2 0 |a správa verejná 
610 2 0 |a vývoj 
610 2 0 |a štruktúra organizačná 
610 2 0 |a decentralizácia 
610 2 0 |a reformy 
610 2 0 |a legislatíva 
610 2 0 |a správa štátna 
610 2 0 |a samospráva 
610 2 0 |a politika verejná 
610 2 0 |a Slovensko 
610 2 0 |a Európska únia 
100 1 |a Žárska, Elena, 1955- 
700 1 |a Černěnko, Tomáš, 1981- 
700 1 |a Kozovský, Dušan 
700 1 |a Belajová, Anna 
700 1 |a Búšik, Jozef 
710 2 |a Ekonomická univerzita v Bratislave. Národohospodárska fakulta